1326 1580 1571 1039 1672 1762 1533 1247 1230 1287 1225 1987 1028 1362 1603 1547 1567 1249 1139 1826 1703 1735 1893 1048 1745 1423 1060 1372 1903 1062 1965 1436 1736 1669 1975 1687 1082 1913 1403 1098 1296 1118 1931 1446 1224 1339 1118 1720 1461 1730 1883 1112 1837 1941 1986 1388 1560 1639 1997 1323 1593 1409 1438 1565 1516 1335 1710 1364 1472 1787 1344 1740 1681 1394 1462 1898 1379 1766 1434 1717 1624 1349 1499 1881 1019 1430 1843 1267 1548 1200 1377 1064 1404 1574 1160 1789 1342 1118 1853 BCNSPRNW ULIB Ver.6.0+V

เปลี่ยนเป็นภาษาไทย

Change to English
 แสดงรายละเอียดบรรณานุกรม
  กลับหน้าหลัก

Brief Record : Get Marc (ISO 2709) : E-mail record : QR code < ปิดหน้าต่าง
LEADER : 00000nam 2200000uu 4500
001    13399111931
003     ULIB
008    110712s2546||||th 000 0 tha d
020    9749589416
050 04 E887^bค178บ 2546
100 1  คลินตัน, ฮิลลารี รอดแฮม,^dค.ศ. 1947-
245 10 บันทึกฮิลลารี คลินตัน =^bLiving history Hillay Rodham Clinton /^cเขียนโดย Hillary Rodham Clinton ; แปลโดยบุญรัตน์ อภิชาติไตรสรณ์, ทัศนีย์ สาลีโภชน์, สิทธิพงศ์ อุรุวาทิน
246 31 Living history Hillay Rodham Clinton
260    กรุงเทพฯ :^bบริษัท เนชั่นบุคส์ อินเตอร์เนชั่นแนล จำกัด,^c2546
300    573 หน้า :^bภาพประกอบ ;^c24 ซม.
600 10 คลินตัน, ฮิลลารี รอดแฮม,^dค.ศ. 1947-
650  4 นักกฏหมาย^zสหรัฐอเมริกา^xชีวประวัติ
651  7 สหรัฐอเมริกา^xการเมืองและการปกครอง^yค.ศ. 1993-2001
700 1  Clinton, Hillay Rodham
700 0  บุญรัตน์ อภิชาติไตรสรณ์,^eผู้แปล
700 0  ทัศนีย์ สาลีโภชน์,^eผู้แปล
700 0  สิทธิพงศ์ อุรุวาทิน,^eผู้แปล
945    ^p495^l0^i016002
995    ทศพร
999 ^a ใช้งานได้ทุกระบบ
รายการนี้ยังไม่มีแท็ก
คุณยังไม่ได้ล็อกอิน คุณสามารถมีกิจกรรมร่วมกับเว็บไซต์ได้ แต่ต้องล็อกอินก่อน ::
  ล็อกอิน

รายการสื่อสารสนเทศ

ลำดับที่ ประเภท เลขเรียก/บาร์โค้ด สถานที่ สถานะ
- ไม่พบข้อมูล -

BibComment


ยังไม่เคยถูกคอมเมนท์

คอมเมนท์ทรัพยากรรายการนี้
  คอมเมนท์: บันทึกฮิลลารี คลิ..


 Copyright 2026. Bcnsprnw @Library